000 00873cam a2200277 a 4500
001 000013851
003 DO-SdBNP
005 20240206124947.0
008 800404s1995 ck a 001 0 spa
040 _aDO-SdBNP
_bspa
_cBNPHU
043 _acl-----
049 _aBNGR
082 _a338.9
_bS572e, 1995
100 1 _aSierra Castro, Enrique,
_d1933-
_918051
245 1 0 _aEconomía política del desarrollo :
_bpara quién producir? /
_cEnrique Sierra Castro.
250 _a3a ed.
260 _aBogotá :
_bCultura y Didáctica,
_c1995.
300 _a491 p. :
_bil. ;
_c21 cm.
490 1 _aEconómica y social
650 4 _aCrecimiento económico
_931376
650 4 _aDesarrollo económico
_931377
651 4 _aAmérica Latina
_xCondiciones económicas
_95778
830 0 _aEconómica y social ;
_918055
910 _aCatalogación derivada
942 _2ddc
_cLBS1
999 _c13461
_d13461